000 01082nam a22002657a 4500
999 _c65812
_d65812
005 20240530110844.0
008 200912s2018 ua a f b 000 0dara d
017 _a2017/25377
_bمصر. دار الكتب
020 _a9789773443818
040 _aEG-CaGPL
_cEG-CaGPL
082 0 4 _221
_a953.082
_bق/م س
100 0 _aمحمد الششتاوى
245 1 2 _aالسلطان المنصور قلاوون مؤسس دولة بنى قلاوون /
_cمحمد الششتاوى
250 _aط.1
260 _aالقاهرة :
_bدار الافاق العربية،
_c2018
300 _a489 ص. ؛
_c24 سم.
490 0 _aموسوعة سلاطين المماليك : تاريخهم - اثارهم - اوقافهم ؛
_v3
504 _aيشتمل على ارجاعات ببليوجرافية
600 0 _aالمنصور قلاوون
650 0 7 _aالملوك والحكام
_2qrmak
651 0 7 _2qrmak
_aدولة المماليك
651 0 7 _aمصر
_xتاريخ
_yعصر المماليك
_2qrmak
942 _2ddc
_cBK